Statistiques concernant Devine le département francais

Cliquez ici pour prendre le quiz!

Statistiques générales

  • Ce quiz a été pris 95 fois
  • Le résultat moyen est 8 sur 10

Statistiques - réponses

IndiceDépartement% Correct
Je suis le plus grand département de France métropolitaine et je suis connu pour mon vin rouge. Qui suis-je ?Gironde
94%
Je suis le département français connu pour la ville de Lille. Qui suis-je ?Nord
94%
Je suis le département français où se trouve la ville de Lyon. Qui suis-je ?Rhone
94%
Je suis célèbre pour mes plages du débarquement en Normandie. Qui suis-je ?Calvados
85%
Je suis le département français qui abrite la plus haute montagne d’Europe occidentale. Qui suis-je ?Haute Savoie
81%
Je suis le département où se trouve le Mont-Saint-Michel. Qui suis-je ?Manche
79%
Mon nom est souvent associé à une variété de fromage et je suis situé dans la région Auvergne-Rhône-Alpes. Qui suis-je ?Cantal
78%
Devinette: Je suis le département français connu pour la ville de Reims et son champagne. Qui suis-je ?Marne
77%
Je suis le département où se trouve la célèbre cathédrale de Chartres. Qui suis-je ?Eure et Loir
72%
Je suis le département français connu pour le Massif central et le viaduc de Millau. Qui suis-je ?Aveyron
70%

Distribution des résultats

Percentile par nombre de réponses

% des personnes avec chaque résultat

Votre développement - résultats

Vous n’avez pas pris ce quiz